The charm of birds /

Bibliographic Details
Main Author: Grey of Fallodon, Edward Grey, Viscount, 1862-1933
Format: Book
Language:English
Published: New York : Frederick A. Stokes company, [1927]
Subjects:

MARC

Tag First Indicator Second Indicator Subfields
LEADER 00000cam a2200000 4500
001 in00000049743
005 20151007073735.0
008 750603s1927 nyua 00010 eng u
010 |a  27023044  
035 |a (OCoLC)01370796 
035 |9 AAF0286AM 
040 |c DZM  |d TXA  |d UtOrBLW 
049 |a TXAM  |c [122696] 
050 0 0 |a QL676  |b .G82 
082 0 |a 598.2 
092 |a 598.2  |b G842c 
100 1 |a Grey of Fallodon, Edward Grey,  |c Viscount,  |d 1862-1933. 
245 1 4 |a The charm of birds /  |c by Viscount Grey of Fallodon; woodcuts by Robert Gibbings. 
264 1 |a New York :  |b Frederick A. Stokes company,  |c [1927] 
264 4 |c [©1927] 
300 |a xii pages, 1 ., 286 pages :  |b illustrations ;  |c 22 cm. 
336 |a text  |b txt  |2 rdacontent 
337 |a unmediated  |b n  |2 rdamedia 
338 |a volume  |b nc  |2 rdacarrier 
650 0 |a Birds. 
999 |a MARS 
999 f f |s b72db144-7bd5-3982-9eef-c205994e7f6f  |i d3580343-230d-3657-b191-cac3318f29d8  |t 0 
952 f f |p ric  |a Texas A&M University  |b Rellis Campus  |c Joint Library Facility  |d Remote Storage  |t 0  |e QL676 .G82  |h Library of Congress classification  |i unmediated -- volume  |m A14801021161 
998 f f |a QL676 .G82  |t 0  |l Remote Storage